Southville International School and Colleges
Your cart is empty.
  • Cart
  • Lists
    Public lists Eva Luna New books Lux_list list_1
    Your lists Log in to create your own lists
  • Log in to your account
  • Your cookies
  • Search history
Southville International School and Colleges
  • Advanced search
  • Recent comments
  • Most popular
  • Libraries

Log in to your account

Log in with GOOGLE


If you do not have an external account, but do have a local account, you can still log in:

  1. Home
  2. MARC view: The Art of Disappearing
Normal view MARC view ISBD view

The Art of Disappearing (Record no. 257180)

[ view plain ]
MARC details
000 -LEADER
fixed length control field 00970cam a22003013a 4500
001 - CONTROL NUMBER
control field 27925
003 - CONTROL NUMBER IDENTIFIER
control field PGUSA
005 - DATE AND TIME OF LATEST TRANSACTION
control field 20140828083614.0
008 - FIXED-LENGTH DATA ELEMENTS--GENERAL INFORMATION
fixed length control field 090129s2009||||xxu|||||s|||||000 1 eng d
040 ## - CATALOGING SOURCE
Original cataloging agency PGUSA
Language of cataloging eng
042 ## - AUTHENTICATION CODE
Authentication code dc
050 #4 - LIBRARY OF CONGRESS CALL NUMBER
Classification number PS
100 1# - MAIN ENTRY--PERSONAL NAME
Personal name Smith, John Talbot,
Dates associated with a name 1855-1923
245 14 - TITLE STATEMENT
Title The Art of Disappearing
Medium [electronic resource] /
Statement of responsibility, etc John Talbot Smith
260 ## - PUBLICATION, DISTRIBUTION, ETC. (IMPRINT)
Name of publisher, distributor, etc Project Gutenberg,
Date of publication, distribution, etc 2009
500 ## - GENERAL NOTE
General note Appeared twenty years after its original publication with the title: The Man Who Disappeared.
506 ## - RESTRICTIONS ON ACCESS NOTE
Terms governing access Public domain in the USA.
516 ## - TYPE OF COMPUTER FILE OR DATA NOTE
Type of computer file or data note Electronic text
653 ## - INDEX TERM--UNCONTROLLED
Uncontrolled term Disguise -- Fiction
653 ## - INDEX TERM--UNCONTROLLED
Uncontrolled term Catholics -- United States -- Fiction
653 ## - INDEX TERM--UNCONTROLLED
Uncontrolled term Runaway husbands -- Fiction
653 ## - INDEX TERM--UNCONTROLLED
Uncontrolled term Irish Americans -- Fiction
653 ## - INDEX TERM--UNCONTROLLED
Uncontrolled term New York (N.Y.) -- Fiction
740 0# - ADDED ENTRY--UNCONTROLLED RELATED/ANALYTICAL TITLE
Uncontrolled related/analytical title The Man Who Disappeared
830 #0 - SERIES ADDED ENTRY--UNIFORM TITLE
Uniform title Project Gutenberg
Volume number/sequential designation 27925
856 40 - ELECTRONIC LOCATION AND ACCESS
Uniform Resource Identifier <a href="http://www.gutenberg.org/ebooks/27925">http://www.gutenberg.org/ebooks/27925</a>
942 ## - ADDED ENTRY ELEMENTS (KOHA)
Koha item type eBooks
Holdings
Withdrawn status Lost status Damaged status Home library Current library Date acquired Total Checkouts Date last seen Price effective from Koha item type
      Project Gutenberg Project Gutenberg 08/28/2014   08/28/2014 08/28/2014 eBooks

The Art of Disappearing

APA

Smith J. T., . (2009). The Art of Disappearing. : Project Gutenberg.

Chicago

Smith John Talbot, . 2009. The Art of Disappearing. : Project Gutenberg.

Harvard

Smith J. T., . (2009). The Art of Disappearing. : Project Gutenberg.

MLA

Smith John Talbot, . The Art of Disappearing. : Project Gutenberg. 2009.

  • Place hold
  • Print
  • Cite
  • Add to your cart (remove)
  • Save record
    BIBTEX Dublin Core MARCXML MARC (non-Unicode/MARC-8) MARC (Unicode/UTF-8) MARC (Unicode/UTF-8, Standard) MODS (XML) RIS
  • More searches
    Search for this title in:
    Other Libraries (WorldCat) Other Databases (Google Scholar) Online Stores (Bookfinder.com) Open Library (openlibrary.org)

Exporting to Dublin Core...

SOUTHVILLE LIBRARY

Southville International School and Colleges Library

1281 Tropical Ave. Cor. Luxembourg St., BF Homes International, Las Pinas City

Tel. No. 8256374 / 252358 Loc. 117/146

Powered by Koha